Countries With Highest Rates of Cannabis Use - Statistics

General Stats
  • This quiz has been taken 226 times
  • The average score is 15 of 26
Answer Stats
Rank Percentage Answer % Correct
2 16.3 United States of America
99%
4 12.7 Canada
94%
11 9.2 Spain
94%
19 8 Netherlands
90%
24 6.2 United Kingdom
90%
6 11.1 France
89%
11 9.2 Italy
86%
8 10.2 Australia
82%
25 6 Ireland
73%
7 11 New Zealand
72%
20 7.21 Jamaica
67%
21 6.9 Denmark
61%
1 18.3 Iceland
55%
22 6.7 Switzerland
52%
5 11.83 Chile
49%
14 8.9 Czech Republic
47%
15 8.88 Israel
42%
10 9.3 Uruguay
40%
3 14.3 Nigeria
35%
23 6.24 Egypt
31%
25 6 Estonia
29%
18 8.3 Barbados
28%
16 8.87 St. Lucia
21%
17 8.45 Belize
16%
9 9.5 Zambia
7%
13 9.1 Madagascar
6%
No matching quizzes found
Score Distribution
Percent of People with Each Score
Percentile by Number Answered
Your Score History
You have not taken this quiz